00931cam a2200277 a 4500001000500000005001700005020001700022040002300039050002400062082001200086100002300098245004500121260002100166300003800187505000800225520011400233521002000347521002000367650002500387650002200412650002100434906004500455942001500500999001500515952012300530121020230831105628.0 a078073002757 aDLCcDLCdDLCbeng00aPZ7.M82712bWh 198500aFic2201 aMorpurgo, Michael.10aWhy the whales came /cMichael Morpurgo. bScholasticc1985 a139 pages :bIllustrationsc20 cm aS  aTwo children befriend the old man known as the Birdman of Bryher and help him lift a curse from their island. a890 bLexile  aS bRaz-Plus  1aFriendshipvFiction. 1aIslandsvFiction. 1aWhalesvFiction. a7bcbccorignewd3encipf19gy-gencatlg 2ddccBKn0 c1210d1210 00102ddc40708JUVFa001b001cSBSd2023-08-08l0oMOR Fic PZ7.M82712pFIS00706r2023-08-08 11:47:26w2023-08-08yBK